US Presidents (1789-present) - Statistics

General Stats
  • This quiz has been taken 26 times
  • The average score is 28 of 45
Answer Stats
Hint Answer % Correct
1732-1799 (1789-1797) George Washington
96%
1735-1826 (1797-1801) John Adams
88%
1767-1848 (1825-1829) John Quincy Adams
88%
1808-1875 (1865-1869) Andrew Johnson
83%
1884-1972 (1945-1953) Harry S. Truman
83%
1917-1963 (1961-1963) John F. Kennedy
83%
1908-1973 (1963-1969) Lyndon B. Johnson
83%
1743-1826 (1801-1809) Thomas Jefferson
83%
1809-1865 (1861-1865) Abraham Lincoln
79%
1890-1969 (1953-1961) Dwight D. Eisenhower
79%
1882-1945 (1933-1945) Franklin D. Roosevelt
79%
1913-2006 (1974-1977) Gerald R. Ford
79%
1858-1919 (1901-1909) Theodore Roosevelt
79%
1767-1845 (1829-1837) Andrew Jackson
75%
1751-1836 (1809-1817) James Madison
75%
1822-1885 (1869-1877) Ulysses S. Grant
75%
1874-1964 (1929-1933) Herbert Hoover
71%
1857-1930 (1909-1913) William Howard Taft
71%
1833-1901 (1889-1893) Benjamin Harrison
67%
1946- (2001-2009) George W. Bush
67%
1791-1868 (1857-1861) James Buchanan
67%
1782-1862 (1837-1841) Martin Van Buren
67%
1773-1841 (1841-1841) William Henry Harrison
67%
1856-1924 (1913-1921) Woodrow Wilson
67%
1872-1933 (1923-1929) Calvin Coolidge
63%
1924-2018 (1989-1993) George H.W. Bush
63%
1837-1908 (1885-1889,1893-1897) Grover Cleveland
63%
1831-1881 (1881-1881) James A. Garfield
63%
1795-1849 (1845-1849) James K. Polk
63%
1758-1831 (1817-1825) James Monroe
63%
1843-1901 (1897-1901) William McKinley
63%
1784-1850 (1849-1850) Zachary Taylor
63%
1790-1862 (1841-1845) John Tyler
58%
1822-1893 (1877-1881) Rutherford B. Hayes
58%
1829-1886 (1881-1885) Chester A. Arthur
54%
1804-1869 (1853-1857) Franklin Pierce
50%
1800-1874 (1850-1853) Millard Fillmore
50%
1865-1923 (1921-1923) Warren G. Harding
46%
1946- (2017-2021, 2025-) Donald J. Trump
17%
1913-1994 (1969-1974) Richard M. Nixon
17%
1961- (2009-2017) Barack H. Obama
13%
1946- (1993-2001) Bill J. Clinton
13%
1924-2024 (1977-1981) Jimmy E. Carter
13%
1942- (2021-2025) Joe R. Biden
13%
1911-2004 (1981-1989) Ronald W. Reagan
13%
No matching quizzes found
Score Distribution
Percent of People with Each Score
Percentile by Number Answered
Your Score History
You have not taken this quiz